000 00339nam a2200145Ia 4500
008 221030s9999 xx 000 0 und d
041 _aEnglish
082 _a105.23
100 _aN. Vinogradov
245 0 _aElectrical Machine Winder
_cby N. Vinogradov
260 _bMIR Pub.
_aMoscow
_c0
300 _a400
650 _aEE
942 _cBK
999 _c10398
_d10398